00739nam a2200205 i 450000100060000000300090000600500170001500700030003200800410003510000300007624501130010626000320021930000210025159700260027265000220029865000520032085200220037299900170039495201220041152253ES-MaACL20250828022657.0t|030827s1971 sp ||||1| spa d1 aChumillas, José.93869713aEl despertar religioso b: catequesis en familia para la edad maternal... 6 a 7 años / cJosé Chumillas. aMadrid : bMarova, c[1971] a75 p. ; c21 cm. aCuadernillos sueltos.04aCatequesis910853 7aEducación cristiana de niños2embne9166197 aES-MaACLjC-46218 c52253d52253 00104070aATENEOMbATENEOMcDEPO2d2008-01-17eSCl0oC-46218p1054932r2023-02-23 00:00:00w2023-02-23yMONOGRAFIA